| 000 | 00825nac a22002291u 4500 | ||
|---|---|---|---|
| 010 | _a 2003271535 | ||
| 020 | _a0618150439 | ||
| 035 | _a(OCoLC)ocm52407468 | ||
| 082 | 0 | 0 |
_a658.872 _bSIE |
| 090 |
_c6586 _d6586 |
||
| 100 | _aSiegel, Carolyn F. | ||
| 245 | 1 | 0 |
_aInternet marketing : _bfoundations and applications / _cCarolyn Siegel. |
| 260 |
_aBoston : _bHoughton Mifflin,2004 _cc2004. |
||
| 300 |
_axvi, 404 p. : _bill. ; _c24 cm. |
||
| 500 | _aIncludes bibliographical references (p. [385]-404) and index. | ||
| 500 | _adistributer: Al-Ahram | ||
| 511 | _acatalogued by: wessam | ||
| 650 | 0 | _aInternet marketing. | |
| 650 | 0 | _aInternet advertising. | |
| 942 |
_cBB _k658.872SIE |
||
| 999 |
_c6586 _d6586 |
||